Catálogo
 En Linea
Vista normal Vista MARC

Entrada Nombre personal

Número de registros utilizados en: 1

001 - NÚMERO DE CONTROL

  • campo de control: 58386

003 - IDENTIFICADOR DEL NÚMERO DE CONTROL

  • campo de control: BNPHU

005 - FECHA Y HORA DE LA ÚLTIMA TRANSACCIÓN

  • campo de control: 20250228154533.0

008 - DATOS DE LONGITUD FIJA

  • campo de control de longitud fija: 200615|| aca||aabn | a|a d

010 ## - NÚMERO DE CONTROL DE LA BIBLIOTECA DEL CONGRESO

  • Número de control de LC: no2010027216

040 ## - FUENTE DE LA CATALOGACIÓN

  • Centro catalogador/agencia de origen: DO-SdBNP
  • Lengua de catalogación: spa
  • Centro/agencia transcriptor: BNPHU
  • Normas de descripción: rda

046 ## - FECHAS CON CODIFICACIÓN ESPECIAL

  • Fecha de nacimiento: 1921
  • Fecha de la muerte: 2016

100 1# - ENCABEZAMIENTO-NOMBRE DE PERSONA

  • Nombre de persona: Luna, Margarita

370 ## - LUGAR ASOCIADO

  • Lugar de nacimiento: Santiago de los Caballeros

372 ## - CAMPO DE ACTIVIDAD

  • Campo de actividad: Fue docente en la Academia Dominicana de Música entre 1973 y 1980, donde impartió materias sobre historia y teoría de la música.ntro Cultural de Santiago, cargo que ocupó hasta 1982. En 1984, asumió la dirección de la Escuela Nacional de Música de la República Dominicana y más tarde fue directora del Conservatorio Nacional de Música de la República Dominicana.3​
  • Campo de actividad: En 1979, se convirtió en la primera mujer en dirigir el Centro Cultural de Santiago, cargo que ocupó hasta 1982. ica de la República Dominicana y más tarde fue directora del Conservatorio Nacional de Música de la República Dominicana.3​
  • Campo de actividad: En 1984, asumió la dirección de la Escuela Nacional de Música de la República Dominicana y más tarde fue directora del Conservatorio Nacional de Música de la República Dominicana.3

374 ## - OCUPACIÓN

  • Ocupación: Compositora
  • Ocupación: Pianista

400 1# - TRAZADO DE VÉASE--NOMBRE DE PERSONA

  • Nombre de persona: Luna García, Margarita
  • Fechas asociadas al nombre: 1921-2016

400 1# - TRAZADO DE VÉASE--NOMBRE DE PERSONA

  • Nombre de persona: Luna García, Margarita

670 ## - FUENTE DE DATOS ENCONTRADOS

  • Cita de la fuente: Work cat.: (OSt)31918: Luna de Espaillat, Margarita, Por el mundo de la orquesta /, 1973.

670 ## - FUENTE DE DATOS ENCONTRADOS

  • Identificador Uniforme del Recurso: https://es.wikipedia.org/wiki/Margarita_Luna_Garc%C3%ADa Consultado en 28 de febrero, 2025

670 ## - FUENTE DE DATOS ENCONTRADOS

  • Identificador Uniforme del Recurso: https://authorities.loc.gov/cgi-bin/Pwebrecon.cgi?AuthRecID=8181185&v1=1&HC=1&SEQ=20250228154137&PID=g9ml_f4TeAd2mj3LZQGWgRxZib Consultado en 28 de febrero, 2025

Con tecnología Koha